Technický slovník anglicko-slovenský a slovensko-anglický. Stroje. Automobily. Elektro : WIN XP a vyššie verzie

Saved in:
Bibliographic Details
Main Author: Kernech, Michael de (Author)
Format: Book
Published: Bratislava : Vydavateľstvo Krenčey
Tags: Add Tag
No Tags, Be the first to tag this record!

MARC

LEADER 00000nam a22000003a 4500
001 stu234234
005 20150617230137.3
008 110912s--------xo----------------------d
040 |a STU  |b slo 
041 0
044 |a xo 
100 1 |a Kernech, Michael de  |4 aut 
245 1 |a Technický slovník anglicko-slovenský a slovensko-anglický. Stroje. Automobily. Elektro :  |b WIN XP a vyššie verzie 
260 |a Bratislava :  |b Vydavateľstvo Krenčey  
300 |a 1 CD-ROM 
996 |b 284M080128  |c M*CD-2013  |l MMKN  |s A  |a 24  |w stu234234_0001